[Event "Pelotas Gaucho op"]
[Site "Pelotas"]
[Date "2023.10.15"]
[Round "7"]
[White "Borges, Pedro Guimaraes"]
[Black "Pires, Luiz Eduardo Dias"]
[Result "1/2-1/2"]
[WhiteElo "1760"]
[BlackElo "1768"]
[PlyCount "74"]
[EventDate "2023.10.12"]
[EventType "swiss"]
[EventRounds "7"]
[EventCountry "BRA"]
[SourceTitle "CBM 216 Extra"]
[Source "ChessBase"]
[SourceDate "2023.11.30"]
[SourceVersion "1"]
[SourceVersionDate "2023.11.30"]
[SourceQuality "1"]

1. e4 c5 2. Nc3 d6 3. Nf3 e6 4. Bc4 a6 5. a4 Nd7 6. Bb3 b6 7. 0-0 Bb7 8. d3 h6 9. Re1 Be7 10. Bc4 e5 11. Nd5 Ngf6 12. Nxe7 Qxe7 13. b3 0-0 14. Bb2 Qd8 15. Bc3 a5 16. h3 Nh7 17. Qc1 Ndf6 18. Bd2 Bc8 19. g4 g5 20. Nh2 Ra7 21. f3 Kh8 22. Re2 Rg8 23. Qe1 Rg7 24. h4 Nd7 25. h5 Ndf8 26. Rg2 Ne6 27. Bxe6 Bxe6 28. c4 f6 29. Nf1 Nf8 30. Ne3 Nd7 31. Nf5 Bxf5 32. exf5 Nb8 33. Bc3 Rae7 34. Qe4 Qc7 35. Rf2 Nc6 36. Qd5 Nb4 37. Bxb4 cxb4 1/2-1/2